000 01347nam a2200277Ia 4500
003 Ost
005 20260507075356.0
008 260507s9999||||xx |||||||||||||| ||und||
020 _a80000699579
040 _cfsecg
041 _aara
082 _a330
100 _aالوادي، محمود حسين
_eمؤلف
245 0 _aمبادئ علم الإقتصاد /
_c محمود حسين الوادي
250 _aطبعة 2
260 _aعمان:
_bدار المسيرة للنشر و التوزيع,
_c2013
300 _a360 صفحة؛
_bإيضاحات ؛
_c25 سم
504 _aكشاف مصطلحات ص349؛ المراجع ص 359
520 _aمدخل عام للإقتصاد- عناصر الإنتاج- نظرية الطلب- نظرية العرض- تحديد الأثمان- السوق- نظرية الإستهلاك- الدخل القومي والناتج القومي- مصادر الطلب الكلي-الاجور والبطالة والتضخم- السياسة النقدية والمالية- النقود والبنوك- التجارة الخارجية والتنمية الإقتصادية
653 _aالإستهلاك
653 _aالإقتصاد
653 _aالدخل القومي
653 _aعلم الإقتصاد
700 _aعباس، نضال علي
_eمؤلف ثانوي
942 _cكتاب
999 _c44223
_d44223